Name a European Country That... Quiz Stats

 Plays Quiz Updated Oct 4, 2016

Score 0/16 Timer 05:00
0 Plays Today
Name a country that... Country % Correct
...has a mountain over 4,000 meters tall.France, Italy, Russia, and Switzerland
92.6%
...has a capital city beginning with 'W' or 'Z'.Croatia and Poland
91.1%
...has a majority Muslim population.Albania, Bosnia and Herzegovina, Kosovo, and Turkey
90.4%
...contains one of the five tallest buildings in the European Union.Germany, Spain, and United Kingdom
90.3%
...contains part of the Pyrenees mountain range.Andorra, France, and Spain
88.4%
...has all three of its largest cities on the coast.Denmark, Greece, Ireland, Iceland, Norway, Portugal, and Sweden
84.7%
...has a capital city on the Danube River.Austria, Hungary, Serbia, and Slovakia
84.6%
...borders countries that combined total at least 250 million people.France, Poland, and Russia
82.7%
Name a country that... Country % Correct
...shares the island of St. Martin.France and Netherlands
77.9%
...is landlocked and at least 250 km away from a coastline.Czechia, Liechtenstein, and Slovakia
77.1%
...had a fascist government after 1950.Portugal, Spain, and Greece
72.2%
...is a member of the European Free Trade AssociationIceland, Liechtenstein, Norway, and Switzerland
63.4%
...is the home country of a former UN secretary general.Austria, Norway, and Sweden
61.8%
...has a flag with a bird on it.Albania, Moldova, Montenegro, and Serbia
59.4%
...uses the Euro and is not an EU member state.Andorra, Kosovo, Monaco, Montenegro, San Marino, and Vatican City
58.4%
...has an official language that's Uralic.Finland, Hungary, Norway, and Estonia
57%

You're not logged in!

Compare scores with friends on all Sporcle quizzes.
OR
Log In

Sporcle TV

Today on Sporcle TV


Watch our educational content, quiz creation guides, and fun videos on Sporcle TV.

Show Comments

Extras

Top Quizzes Today


Score Distribution

Your Account Isn't Verified!

In order to create a playlist on Sporcle, you need to verify the email address you used during registration. Go to your Sporcle Settings to finish the process.

Report this User

Report this user for behavior that violates our Community Guidelines.

Details: